01644cam a2200349 a 4500090000600000001000800006005001700014008004100031010001400072020001500086040001800101043001200119050002000131082002100151245016800172246005900340260005700399300003300456500012900489504004100618650005100659650004900710650004200759700001900801700002300820711011100843856008800954856007401042942001201116999001701128952014901145 c0117549520030910205045.0961107s1996 enka b 100 0 eng  a96218095  a0471968579 aDLCcDLCdDLC ae-uk-wl00aTC540b.B3 199600a627.123221bBAR00aBarrages, Engineering Design & Environmental Impacts :binternational conference, 10-13 September 1996, Cardiff, UK /cedited by Neville Burt and Jacqueline Watts.3 aBarrages, engineering design and environmental impacts aChichester ;aNew York :bJohn Wiley & Sons,cc1996. axi, 504 p. :bill. ;c25 cm. a"International Conference on Barrages: Engineering Design & Environmental Impacts, 10-13 September 1996, Cardiff, UK"--P. v. aIncludes bibliographical references. 0aBarragesxDesign and constructionxCongresses. 0aBarragesxEnvironmental aspectszCongresses. 0aBarrageszWaleszCardiffxCongresses.1 aBurt, Neville.1 aWatts, Jacqueline.2 aInternational Conference on Barrages: Engineering Design & Environmental Impactsd(1996 :cCArdiff, Wales)423Publisher descriptionuhttp://www.loc.gov/catdir/description/wiley033/96218095.html4 3Table of Contentsuhttp://www.loc.gov/catdir/toc/onix04/96218095.html 2ddccBB c10376d10376 00102ddc40708AlahramaMAINbMAINc1STd2009-01-24epurchaseg572.00h6389l1m3o627.123 BARp000015050r2025-07-15 00:00:00s2016-09-25yBB